000 01671nam0a2200337 4500
001 RU\NLR\BIBL_A\012173728
005 20210721100926.0
010 _a978-5-9925-1409-4
_9700
021 _aRU
_bКН-П-19-091129
_9КН-П-19-6645
035 _a(NLR Aleph) 012173728
035 _a(RuMoRGB)010177941
090 _a12253125
_c12253125
100 _a20191226d2019 m y0rusy50 ca
101 1 _ager
_crus
102 _aRU
105 _ay z 000za
200 1 _aÜber die Kolyma
_e[книга для чтения на немецком языке]
_fWarlam Schalamov
_gaus dem Russischen von Gabriele Leupold
_gherausgegeben und mit einem Nachwort von Franziska Thun-Hohenstein
_gкомментарии и словарь А. С. Новиковой
210 _aСанкт-Петербург
_cКАРО
_d2019
215 _a350, [1] с.
_d17
225 1 _aRussische moderne Prosa
225 1 _aРусская современная проза на иностранных языках
300 _aВ вып. дан.: О Колыме / Варлам Шаламов
454 1 _12001#$aО Колыме
_1700#1$aШаламов$bВ.Т.$f1907-1982$gВарлам Тихонович$3RU\NLR\AUTH\776524
_tО Колыме
_aШаламов, Варлам Тихонович (1907-1982)
517 1 _aО Колыме
606 1 _aНемецкий язык
_jКниги для чтения
_91063964
_3RU\NLR\AUTH\66413315
686 1 _aШ143.24-93рус91
700 1 _7ba
_8rus
_aŠalamov
_bV. T.
_f1907-1982
_gVarlam Tichonovič
_9232450
_3RU\NLR\AUTH\770232506
942 _cBOOK
980 _aNB